000 00311nam a22001337a 4500
008 170406b xxu||||| |||| 00| 0 eng d
020 _a08898561
041 _aeng
080 _a575
100 _a9
101 _aSHM
245 _aIMMUNOLOGY AND ALLERGY CLINICS OF NORTH AMERICA
_cKAGNOFF, M.F
942 _2udc
_cBK
999 _c9937
_d9937